000 00648 a2200169 4500
999 _c1012
_d1012
020 _a9780078036071 (alk. paper)
050 0 0 _aGE105 CUN 2013
100 1 _aCunningham, William P.
245 1 0 _aPrinciples of environmental science :
_binquiry & applications /
_cWilliam P. Cunningham, University of Minnesota, Mary Ann Cunningham, Vassar College.
264 1 _aNew York, NY :
_bMcGraw-Hill Education,
_c[2017]
300 _a389p.,
_bill., col. images
500 _aEnvironmental Science
650 0 _aEnvironmental sciences
700 1 _aCunningham, Mary Ann.
942 _2lcc
_cBK
_e6th ed.
_h105
_iCUN
_kGE